Every Song by Red Hot Chili Peppers - Statistics

General Stats
  • This quiz has been taken 377 times
    267 since last reset
  • The average score is 64 of 239
Answer Stats
Album Song % Correct
Californication(1999) Californication
91%
By the Way(2002) By the Way
80%
By the Way(2002) Can't Stop
76%
Blood Sugar Sex Magik(1991) Under the Bridge
76%
Stadium Arcadium-Jupiter(2006) Snow(Hey Oh)
75%
Stadium Arcadium-Jupiter(2006) Dani California
74%
Californication(1999) Scar Tissue
74%
Californication(1999) Otherside
69%
Californication(1999) Around the World
66%
Stadium Arcadium-Jupiter(2006) Stadium Arcadium
66%
Blood Sugar Sex Magik(1991) Give It Away
65%
By the Way(2002) The Zephyr Song
63%
One Hot Minute(1995) Aeroplane
60%
Blood Sugar Sex Magik(1991) Suck My Kiss
60%
The Getaway(2016) Dark Necessities
59%
The Getaway(2016) The Getaway
57%
Blood Sugar Sex Magik(1991) Blood Sugar Sex Magik
55%
Greatest Hits(2003) Soul to Squeeze
54%
Unlimited Love(2022) Black Summer
53%
The Red Hot Chili Peppers(1984) Out in L.A.
53%
Californication(1999) Road Trippin'
52%
Stadium Arcadium-Jupiter(2006) Wet Sand
51%
Blood Sugar Sex Magik(1991) Breaking the Girl
50%
Californication(1999) Parallel Universe
50%
By the Way(2002) Dosed
48%
One Hot Minute(1995) My Friends
48%
One Hot Minute(1995) One Hot Minute
47%
Stadium Arcadium-Jupiter(2006) Charlie
46%
Freaky Styley(1985) Freaky Styley
45%
The Getaway(2016) Go Robot
45%
Stadium Arcadium-Mars(2006) Tell Me Baby
44%
The Red Hot Chili Peppers(1984) True Men Don't Kill Coyotes
44%
I'm with You(2011) The Adventures of Rain Dance Maggie
42%
Stadium Arcadium-Mars(2006) If
41%
One Hot Minute(1995) Pea
41%
The Getaway(2016) Sick Love
41%
Blood Sugar Sex Magik(1991) Sir Psycho Sexy
41%
By the Way(2002) Venice Queen
41%
Californication(1999) Easily
40%
Return of the Dream Canteen(2022) Eddie
40%
Stadium Arcadium-Jupiter(2006) Slow Cheetah
40%
Blood Sugar Sex Magik(1991) The Power of Equality
40%
By the Way(2002) Universally Speaking
40%
Blood Sugar Sex Magik(1991) Funky Monks
39%
Stadium Arcadium-Jupiter(2006) Hump de Bump
39%
Stadium Arcadium-Mars(2006) Desecration Smile
38%
By the Way(2002) Don't Forget Me
38%
Californication(1999) Get on Top
38%
By the Way(2002) Tear
38%
Stadium Arcadium-Jupiter(2006) Hey
37%
Californication(1999) This Velvet Glove
37%
Californication(1999) Emit Remmus
36%
Greatest Hits(2003) Fortune Faded
36%
Stadium Arcadium-Jupiter(2006) She's Only 18
36%
Return of the Dream Canteen(2022) The Drummer
36%
Return of the Dream Canteen(2022) Tippa My Tongue
36%
Blood Sugar Sex Magik(1991) I Could Have Lied
35%
Mother's Milk(1989) Knock Me Down
35%
Californication(1999) Porcelain
35%
Stadium Arcadium-Jupiter(2006) Especially in Michigan
34%
Californication(1999) I Like Dirt
33%
I'm with You(2011) Monarchy of Roses
33%
Stadium Arcadium-Mars(2006) Death of a Martian
32%
The Getaway(2016) Goodbye Angels
32%
I'm with You(2011) Brendan's Death Song
31%
One Hot Minute(1995) Coffee Shop
31%
Blood Sugar Sex Magik(1991) If You Have to Ask
31%
I'm with You(2011) Look Around
31%
I'm with You(2011) Police Station
31%
Californication(1999) Purple Stain
31%
Stadium Arcadium-Jupiter(2006) Warlocks
31%
By the Way(2002) Cabron
30%
Freaky Styley(1985) Catholic School Girls Rule
30%
By the Way(2002) I Could Die for You
30%
The Uplift Mofo Party Plan(1987) Me and My Friends
30%
Blood Sugar Sex Magik(1991) My Lovely Man
30%
The Red Hot Chili Peppers(1984) Police Helicopter
30%
Californication(1999) Savior
30%
By the Way(2002) Throw Away Your Television
30%
One Hot Minute(1995) Warped
30%
Stadium Arcadium-Mars(2006) Hard to Concentrate
29%
By the Way(2002) On Mercury
29%
The Getaway(2016) The Longest Wave
29%
The Uplift Mofo Party Plan(1987) Fight Like a Brave
28%
Stadium Arcadium-Mars(2006) Storm in a Teacup
28%
Blood Sugar Sex Magik(1991) The Greeting Song
28%
By the Way(2002) This is the Place
28%
Unlimited Love(2022) White Braids & Pillow Chair
28%
Blood Sugar Sex Magik(1991) Apache Rose Peacock
27%
Unlimited Love(2022) Poster Child
27%
Stadium Arcadium-Jupiter(2006) Strip My Mind
27%
Stadium Arcadium-Mars(2006) Animal Bar
26%
I'm with You(2011) Ethiopia
26%
I'm with You(2011) Factory of Faith
26%
By the Way(2002) Midnight
26%
Californication(Bonus)(1999) Quixoticelixer
26%
Stadium Arcadium-Mars(2006) Readymade
26%
Greatest Hits(2003) Save the Population
26%
Mother's Milk(1989) Subway to Venus
26%
One Hot Minute(1995) Tearjerker
26%
Stadium Arcadium-Jupiter(2006) Torture Me
26%
The Uplift Mofo Party Plan(1987) Behind the Sun
25%
By the Way(Bonus)(2002) Bicycle Song
25%
Stadium Arcadium-Jupiter(2006) C'mon Girl
25%
The Getaway(2016) Dreams of a Samurai
25%
The Getaway(2016) Encore
25%
Blood Sugar Sex Magik(1991) Mellowship Slinky in B Major
25%
By the Way(2002) Minor Thing
25%
Californication(1999) Right on Time
25%
Unlimited Love(2022) She's a Lover
25%
Stadium Arcadium-Mars(2006) 21st Century
24%
The Getaway(2016) Detroit
24%
Return of the Dream Canteen(2022) Peace and Love
24%
Unlimited Love(2022) These Are the Ways
24%
Return of the Dream Canteen(Bonus)(2022) The Shape I'm Takin'
24%
Unlimited Love(2022) Aquatic Mouth Dance
23%
Return of the Dream Canteen(2022) Bella
23%
Return of the Dream Canteen(2022) Fake as Fuck
23%
The Red Hot Chili Peppers(1984) Green Heaven
23%
Blood Sugar Sex Magik(1991) The Righteous & the Wicked
23%
The Getaway(2016) This Ticonderoga
23%
I'm with You(2011) Even You Brutus?
22%
The Getaway(2016) Feasting on the Flowers
22%
The Red Hot Chili Peppers(1984) Get Up and Jump
22%
Return of the Dream Canteen(2022) In the Snow
22%
Freaky Styley(1985) Jungle Man
22%
Stadium Arcadium-Mars(2006) She Looks to Me
22%
Freaky Styley(1985) Yertle the Turtle
22%
I'm with You(2011) Annie Wants a Baby
21%
I'm with You(2011) Dance, Dance, Dance
21%
Mother's Milk(1989) Good Time Boys
21%
Unlimited Love(2022) Here Ever After
21%
Mother's Milk(1989) Magic Johnson
21%
Stadium Arcadium-Mars(2006) Make You Feel Better
21%
I'm with You(2011) Meet Me at the Corner
21%
The Red Hot Chili Peppers(1984) Mommy, Where's Daddy?
21%
Return of the Dream Canteen(2022) My Cigarette
21%
Blood Sugar Sex Magik(1991) Naked in the Rain
21%
Californication(Bonus)(1999) Over Funk
21%
I'm with You Sessions(2013) Pink as Floyd
21%
Unlimited Love(2022) Veronica
21%
One Hot Minute(1995) Walkabout
21%
By the Way(2002) Warm Tape
21%
Stadium Arcadium-Mars(2006) We Believe
21%
The Red Hot Chili Peppers(1984) Baby Appeal
20%
The Uplift Mofo Party Plan(1987) Backwoods
20%
Californication(Bonus)(1999) Fat Dance
20%
One Hot Minute(1995) Shallow Be Thy Game
20%
Unlimited Love(2022) Tangelo
20%
Unlimited Love(2022) The Heavy Wing
20%
Stadium Arcadium-Mars(2006) Turn it Again
20%
Mother's Milk(1989) Johnny, Kick a Hole in the Sky
19%
Return of the Dream Canteen(2022) La La La La La La La La
19%
One Hot Minute(1995) One Big Mob
19%
Mother's Milk(1989) Pretty Little Ditty
19%
One Hot Minute(1995) Transcending
19%
The Getaway(2016) We Turn Red
19%
Return of the Dream Canteen(2022) Bag of Grins
18%
The Red Hot Chili Peppers(1984) Grand Pappy Du Plenty
18%
I'm with You(2011) Happiness Loves Company
18%
Unlimited Love(2022) Not the One
18%
By the Way(Bonus)(2002) Runaway
18%
Mother's Milk(1989) Sexy Mexican Maid
18%
Stadium Arcadium-Mars(2006) So Much I
18%
Mother's Milk(1989) Stone Cold Bush
18%
Return of the Dream Canteen(2022) Afterlife
17%
The Red Hot Chili Peppers(1984) Buckle Down
17%
One Hot Minute(1995) Deep Kick
17%
I'm with You(2011) Did I Let You Know
17%
The Uplift Mofo Party Plan(1987) Funky Crime
17%
I'm with You(2011) Goodbye Hooray
17%
Mother's Milk(1989) Nobody Weird Like Me
17%
The Uplift Mofo Party Plan(1987) Organic Anti-Beat Box Band
17%
Return of the Dream Canteen(2022) Reach Out
17%
Return of the Dream Canteen(2022) Roulette
17%
Freaky Styley(1985) Sex Rap
17%
Mother's Milk(1989) Taste the Pain
17%
Unlimited Love(2022) The Great Apes
17%
The Getaway(2016) The Hunter
17%
Return of the Dream Canteen(2022) Carry Me Home
16%
Freaky Styley(1985) Nevermind
16%
Mother's Milk(1989) Punk Rock Classic
16%
The Uplift Mofo Party Plan(1987) Skinny Sweaty Man
16%
Unlimited Love(2022) Whatchu Thinkin'
16%
The Red Hot Chili Peppers(1984) Why Don't You Love Me
16%
Return of the Dream Canteen(2022) Copperbelly
15%
I'm with You Sessions(2013) Hanalei
15%
Unlimited Love(Bonus)(2022) Nerve Flip
15%
Non-Album(1990) Show Me Your Soul
15%
The Red Hot Chili Peppers(1984) You Always Sing the Same
15%
Unlimited Love(2022) Bastards of Light
14%
One Hot Minute(1995) Falling into Grace
14%
Unlimited Love(2022) It's Only Natural
14%
Unlimited Love(2022) Let 'Em Cry
14%
Return of the Dream Canteen(2022) Shoot Me a Smile
14%
The Uplift Mofo Party Plan(1987) Special Secret Song Inside
14%
Freaky Styley(1985) The Brothers Cup
14%
Freaky Styley(1985) Battleship
13%
One Hot Minute(1995) Bob
13%
Unlimited Love(2022) One Way Traffic
13%
Freaky Styley(1985) American Ghost Dance
12%
Freaky Styley(1985) Blackeyed Blonde
12%
The Uplift Mofo Party Plan(1987) Love Trilogy
12%
Freaky Styley(1985) Lovin' and Touchin'
12%
I'm with You Sessions(2013) Open/Close
12%
Freaky Styley(1985) Thirty Dirty Birds
12%
I'm with You Sessions(2013) Catch My Death
11%
Return of the Dream Canteen(2022) Handful
11%
I'm with You(Bonus)(2011) Love of Your Life
11%
Freaky Styley(Bonus)(2003) Millionaires Against Hunger
11%
I'm with You(Bonus)(2011) Never is a Long Time
11%
I'm with You Sessions(2013) This is the Kitt
11%
The Red Hot Chili Peppers(1984)(Bonus) What It Is
11%
I'm with You(Bonus)(2011) Hometown Gypsy
10%
The Uplift Mofo Party Plan(1987) No Chump Love Sucker
10%
Mother's Milk(Bonus)(2003) Salute to Kareem
10%
I'm with You(Bonus)(2011) Strange Man
10%
I'm with You(Bonus)(2011) Victorian Machinery
10%
The Uplift Mofo Party Plan(1987) Walkin' on Down the Road
10%
Californication(Bonus)(1999) Gong Li
9%
I'm with You Sessions(2013) How it Ends
9%
I'm with You Sessions(2013) In Love Dying
9%
I'm with You(Bonus)(2011) 'Long Progression'
9%
One Hot Minute(1995) Stretch You Out
9%
I'm with You(Bonus)(2011) The Sunset Sleeps
9%
By the Way(Bonus)(2002) Time
9%
I'm with You Sessions(2013) Brave from Afar
8%
Out in L.A.(1994) Flea Fly
8%
One Hot Minute(1995) Let's Make Evil
8%
The Plasma Shaft(1994) Fela's Cock
7%
Mother's Milk(Bonus)(2003) Song That Made Us What We Are Today
7%
I'm with You Sessions(2013) Your Eyes Girl
7%
Out in L.A.(1994) Blues for Meister
5%
Californication(Bonus)(1999) Instrumental #2
5%
I'm with You(Bonus)(2011) Magpies of Fire
5%
One Hot Minute(1995) Melancholy Mechanics
5%
Californication(Bonus)(1999) How Strong
4%
Out in L.A.(1994) Stranded
4%
Return of the Dream Canteen(Bonus)(2022) Watchu Thinkin'
4%
No matching quizzes found
Score Distribution
Percent of People with Each Score
Percentile by Number Answered
Your Score History
You have not taken this quiz since the last reset